• 首页
  • 本馆介绍
  • 公告通知
  • 最新文献
  • 馆藏检索
  • 电子资源
  • 读者导购
  • 参考咨询
  • 我的图书馆
  • 登录
  • 详细信息显示
  • 放入我的书架
  • 预约/预借图书
  • 作者相关作品
  • 分类相关作品
  • 丛书相关作品
  • 出版社相关作品

书目信息

  • 表格格式
  • 工作单格式
  • 卡片格式
题名:
功能性高倍甜味剂
    
 
作者: 胡国华 主编
分册:  
出版信息: 北京   化学工业出版社  2008
页数: 385页
开本: 21cm
丛书名:
单 册:
中图分类: TS264.9
科图分类:
主题词: 甜味剂
电子资源:
ISBN: 978-7-122-02019-2
000 00796nam0 2200229 45
001 1032966234
005 20100407095925.92
010    @a978-7-122-02019-2@dCNY32.00
100    @a20100330d2008 em y0chiy50 ea
101 0  @achi
102    @aCN@b110000
105    @ay z 000yy
106    @ar
200 1  @a功能性高倍甜味剂@AGong Neng Xing Gao Bei Tian Wei Ji@f胡国华主编@FHu Guo Hua Zhu Bian
210    @a北京@c化学工业出版社@d2008
215    @a385页@d21cm
330    @a本书从糖苷类高倍甜味剂、蛋白质类甜味剂、二肽高倍甜味剂、蔗糖衍生物高倍甜味剂等方面对功能性甜味剂的种类、制备、改性、加工特性及其在食品中的应用进行了较详细的介绍。
606 0  @a甜味剂
690    @aTS264.9@v4
701  0 @a胡国华@AHu Guo Hua@4主编
801  0 @aCN@bTANGWEI@c20100407
905    @b0586793-97@dTS264.9@e122@f5
    
    功能性高倍甜味剂/胡国华主编.-北京:化学工业出版社,2008
    385页;21cm
    
    
    ISBN 978-7-122-02019-2:CNY32.00
    本书从糖苷类高倍甜味剂、蛋白质类甜味剂、二肽高倍甜味剂、蔗糖衍生物高倍甜味剂等方面对功能性甜味剂的种类、制备、改性、加工特性及其在食品中的应用进行了较详细的介绍。
●
相关链接 在E读中查询图书 在五车中查询图书 在当当中查询图书 在豆瓣中查询图书


正题名:功能性高倍甜味剂     索取号:TS264.9/122         预约/预借

序号 登录号 条形码 馆藏地/架位号 状态 备注
1 0586793   205867935   第二样本阅览室/ [索取号:TS264.9/122] 在馆    
2 0586794   205867944   第三借阅区/ [索取号:TS264.9/122] 在馆    
3 0586795   205867953   第三借阅区/ [索取号:TS264.9/122] 在馆    
4 0586796   205867962   第三借阅区/ [索取号:TS264.9/122] 在馆    
5 0586797   205867971   第三借阅区/ [索取号:TS264.9/122] 在馆    
唐山师范学院图书馆 欢迎您!
大连网信软件有限公司© 版权所有